El tratamiento del duelo : asesoramiento psicológico y terapia /

Na minha lista:
Detalhes bibliográficos
Autor principal: Worden, J. William (autor)
Formato: Livro
Idioma:espanhol
Publicado em: Barcelona, España : Paidós, 2016, c2008
Edição:4a edición
Colecção:(Psicología, Psiquiatría, Psicoterapia) [s.n.]
Assuntos:
Tags: Adicionar Tag
Sem tags, seja o primeiro a adicionar uma tag!

MARC

LEADER 00000nam^a2200000^a^4500
001 000399927
005 20250521000000.0
009 20260310121606.427
020 |a 978-84-493-2609-7 
037 |a Acervo ITESO - Biblioteca 
041 |a ESP 
082 |a 616. 8914  |b WOR 
100 |a Worden, J. William  |e (autor) 
245 1 3 |a El tratamiento del duelo :  |b asesoramiento psicológico y terapia /  |c J.W. Worden ; tr. por Genís Sánchez Barberán. 
250 |a 4a edición  |b revisada y aumentada 
264 4 |a Barcelona, España :  |b Paidós,  |c 2016, c2008 
300 |a 349 p. 
336 |a texto  |b txt  |2 rdacontenido 
337 |a sin mediación  |b n  |2 rdamedio 
338 |a volumen  |b nc  |2 rdasoporte 
440 1 |a (Psicología, Psiquiatría, Psicoterapia) [s.n.] 
500 |a Traducción de: Grief Counseling and Grief Therapy 
521 |a FIL 2017 EEnlace Departamento de Psicología, Educación y Salud 
649 |a XX 
650 |a Familia 
650 |a Relaciones Familiares 
650 |a Apego 
650 |a Muerte 
650 |a Duelo -  |x Tema Principal 
650 |a Depresión 
650 |a Psicoterapia 
650 |a Psicología Clínica 
910 |a Fondo General 
920 |a Impresos - Libros 
930 |a Colección General 
905 |a 101 
901 |a 0500295184  |b IT1  |c ACC  |i c157564  |u 20250521 
902 |a https://opac.biblio.iteso.mx/vufind/Record/000399927